01041nas a2200241Ia 4500001001100000003000900011008004100020040001300061040001300074041001300087100003800100210001900138222001900157245010900176250001100285260005300296501008600349300001100435310001600446362004100462500026000503650003600763R011/H6669IT-RoPAU151124c99999999xx |||||||||||| ||und|| aIT-RoPAU cIT-RoPAU aITALIANO aAA.VV. gCodice Aut. SPICS: 12000 aCINEMASESSANTA aCinemasessanta aCINEMA SESSANTA, ANNO 47-N.287 (GENNAIO-MARZO 2006)bCinema Sessanta, Anno 47-N.287 (Gennaio-Marzo 2006) a1a ed. aREGGIO CALABRIAbCITTA' DEL SOLE EDIZIONI c2006 bPaulus - SPICS - Società San Paolo EM (non-commercial uses only)cCopyright2015 a160 p. aTRIMESTRALE aANNO 047, N.287 (GENNAIO-MARZO 2006) aSituazione Dopo 2005 di U. Rossi. Primafila: Caimano O Film che Non Si Doveva Fare di A. Calvelli; The New World Incontro di Culture in Virginia di D. Gigante; Woody Allen, Recitero' Sempre Meno in Futuro di D. Buffa; Match Point, Esito Delitto Sotto Segn aCINEMAvPUBBLICAZIONE PERIODICA